The Economic Impact of Digitalization and the Creation of Digital Products on the Development of the State
Podpora investícií do digitalizácie. Základné princípy digitalizácie ekonomiky. Technologický charakter digitálnej ekonomiky. Index digitálnej transformácie na úrovni krajiny. Investície do vytvárania digitálnych produktov.
Salvato in:
| Autore principale: | |
|---|---|
| Altri autori: | , , |
| Natura: | Capitolo di libro |
| Lingua: | inglese |
| Soggetti: | |
| Tags: |
Nessun Tag, puoi essere il primo ad aggiungerne!!
|
MARC
| LEADER | 00000naa a2200000 4500 | ||
|---|---|---|---|
| 001 | 0287167 | ||
| 005 | 20220808095545.6 | ||
| 041 | 0 | |a eng | |
| 044 | |a UA | ||
| 245 | 1 | 0 | |a The Economic Impact of Digitalization and the Creation of Digital Products on the Development of the State |c Anton Dziatkovskii, Uladzimir Hryneuski, Aleksandr Dudov, Aleksandra Krylova |
| 520 | |a Podpora investícií do digitalizácie. Základné princípy digitalizácie ekonomiky. Technologický charakter digitálnej ekonomiky. Index digitálnej transformácie na úrovni krajiny. Investície do vytvárania digitálnych produktov. | ||
| 610 | 2 | 0 | |a digitalizácia |
| 610 | 2 | 0 | |a technológie nové |
| 610 | 2 | 0 | |a investície |
| 610 | 2 | 0 | |a indexy |
| 610 | 2 | 0 | |a konkurencieschopnosť |
| 100 | 1 | |a Dziatkovskii, Anton | |
| 700 | 1 | |a Hryneuski, Uladzimir | |
| 700 | 1 | |a Dudov, Aleksandr | |
| 700 | 1 | |a Krylova, Aleksandra | |